Cuba: cuaderno sobre la familia /

Guardat en:
Dades bibliogràfiques
Autor principal: Estrada, Ana Vera
Autor corporatiu: Centro de investigación y desarrollo de la cultura cubana Juan Marinello
Altres autors: comp
Format: Text
Publicat: La Habana: Editorial Ciencias Sociales
Etiquetes: Afegir etiqueta
Sense etiquetes, Sigues el primer a etiquetar aquest registre!

MARC

LEADER 00000 a a2200000 04500
001 24816
003
040
020 |a 959-06-0297-5  
090 |a 175300  
100 |a Estrada, Ana Vera  
110 |a Centro de investigación y desarrollo de la cultura cubana Juan Marinello  
245 |a Cuba: cuaderno sobre la familia /  |c Ana Vera Estrada 
260 |a La Habana:   |b Editorial Ciencias Sociales  
300 |a 197 p  
700 |a comp  
999 |c 9279  |d 9279